000 00486nam a22001697a 4500
005 20221018014927.0
008 221018b |||||||| |||| 00| 0 eng d
020 _a978-981-4232-71-5
082 _a641.71 So683 2008
100 _aSokol, Gail
_eauthor
245 _aAbout professional baking /
_cGail Sokol
260 _aAustralia:
_bCengage Learning,
_cc2008.
300 _axix, 601p.:
_bill.
500 _aIncludes bibliographical references and index
541 _e4812
650 _aBaking
999 _c52
_d52